Exámenes de idiomas: elaboración y evaluación
Spremljeno u:
| Glavni autori: | , , |
|---|---|
| Format: | Knjiga |
| Jezik: | španjolski |
| Izdano: |
Madrid
Cambridge University
1998
|
| Serija: | Colección Cambridge de Didáctica de Lenguas
|
| Teme: | |
| Oznake: |
Dodaj oznaku
Bez oznaka, Budi prvi tko označuje ovaj zapis!
|
MARC
| LEADER | 00000nam a2200000 a 4500 | ||
|---|---|---|---|
| 001 | UCN0520 | ||
| 003 | CL-VaPUC | ||
| 008 | 010323e19980000SP |||||||||||||||||spa|d | ||
| 082 | 0 | 4 | |a 418.0076 |b ALD |2 21 |
| 100 | 0 | |a Alderson, J. Charles |e author |9 455784 | |
| 700 | 0 | |a Clapham, Caroline |e author |9 455785 | |
| 700 | 0 | |a Wall, Dianne |e author |9 455786 | |
| 245 | 1 | 0 | |a Exámenes de idiomas: elaboración y evaluación |
| 300 | |a 294 p | ||
| 942 | |c BK | ||
| 945 | |d 20010323 00:00:00 |a vberengu | ||
| 260 | |a Madrid |b Cambridge University |c 1998 | ||
| 650 | 0 | |a Lenguaje y lenguas |9 265846 | |
| 650 | 7 | |a MEDICION EDUCACIONAL |2 CL-VaPUC |9 343534 | |
| 650 | 7 | |a TRIBUNALES EXAMINADORES |2 CL-VaPUC |9 455787 | |
| 650 | 0 | |a Administradores de la enseñanza |9 351212 | |
| 583 | |a last modification |c 20010323 00:00:00 |k Rodrigo Vera | ||
| 490 | 0 | |a Colección Cambridge de Didáctica de Lenguas | |
| 999 | |c 294267 |d 294265 | ||
| 952 | |0 0 |1 0 |4 0 |6 418_007600000000000_ALD_1998 |7 0 |8 A |9 346407 |a BIBEDU |b BIBEDU |d 2019-11-20 |i 3701824 |o 418.0076 ALD 1998 |p 3701824 |r 2023-01-12 |w 2019-11-20 |y BK |k CIT | ||